00639nam a2200157 a 450000100100000000500170001000800410002704000250006808200150009311000570010824500930016526000730025830000200033195201130035199900170046400003281320220823125740.0110726s1955 dr 000 0 spa d aDO-SdBNPbspacBNPHU axxxxbxxxx2 aBanco de Reservas de la República Dominicana9628510aInforme anual del Banco de Reservas de la República Dominicanaf31 de diciembre de1955 aCiudad Trujillo, República Dominicana :bBanco de Reservas,c1955. a12 p. ;c22 cm. 001050718RVaPDbPDcCTd2011-07-26iLF1l0oxxxx xxxxp32813-10r2020-06-25w2020-06-25y1ZNo se presta c32304d32304